[Event "Russian Championship B11 2016"]
[Site "Loo"]
[Date "2016.04.25"]
[Round "6.11"]
[White "Safin, Robert"]
[Black "Khusnulgatin, Artem"]
[Result "1-0"]
[WhiteElo "1618"]
[BlackElo "1559"]
[PlyCount "152"]
[EventDate "2016.04.20"]

1. e4 e5 2. Nf3 Nc6 3. Bc4 Bc5 4. d3 Nf6 5. Bg5 O-O 6. Nc3 Bb4 7. O-O Be7 8. h3
d6 9. Qe2 Na5 10. Bb3 Nxb3 11. axb3 h6 12. Be3 b6 13. d4 exd4 14. Nxd4 Bb7 15.
f3 a5 16. Nf5 Kh7 17. Qd2 Ng8 18. Nd5 Bxd5 19. Qxd5 Bf6 20. Bd4 Bxd4+ 21. Qxd4
Qf6 22. Qxf6 Nxf6 23. Ra4 g6 24. Nd4 Ra6 25. Rfa1 Rfa8 26. b4 c5 27. Nb5 Ne8
28. bxa5 Rxa5 29. Rxa5 Rxa5 30. Rxa5 bxa5 31. Kf2 Kg7 32. b3 Kf6 33. Na7 Nc7
34. Ke3 Ke6 35. Nc6 a4 36. bxa4 Na6 37. Na5 Kd7 38. c3 Nc7 39. Nc4 Kc6 40. g3
f6 41. Kd3 Na6 42. Ne3 Nc7 43. Ng4 Ne8 44. Nxh6 d5 45. exd5+ Kxd5 46. Ng4 c4+
47. Kc2 f5 48. Ne3+ Kc5 49. Nd1 Nd6 50. Kd2 g5 51. Ke3 Kd5 52. f4 g4 53. hxg4
fxg4 54. Ke2 Ne4 55. Ne3+ Kc5 56. Nxg4 Nxc3+ 57. Ke3 Nxa4 58. Ne5 Nb6 59. f5
Kd5 60. Kf4 c3 61. Nd3 Kd4 62. Nc1 Kd5 63. Na2 c2 64. Nb4+ Kd6 65. Nxc2 Nd5+
66. Kg5 Ke7 67. g4 Kf7 68. Ne1 Nf6 69. Nf3 Kg7 70. Ne5 Nh7+ 71. Kf4 Nf6 72. g5
Ng8 73. Ng4 Kf8 74. f6 Kf7 75. Kf5 Nxf6 76. gxf6 Kf8 1-0

[Event "Russian Championship B11 2016"]
[Site "Loo"]
[Date "2016.04.25"]
[Round "6.12"]
[White "Simonyan, Grigori"]
[Black "Ismagilov, Igor"]
[Result "1/2-1/2"]
[WhiteElo "1589"]
[BlackElo "1719"]
[PlyCount "89"]
[EventDate "2016.04.20"]

1. e4 c5 2. Nf3 Nc6 3. c3 Nf6 4. e5 Nd5 5. d4 cxd4 6. cxd4 d6 7. Be2 dxe5 8.
dxe5 Ndb4 9. O-O Qxd1 10. Bxd1 Nd3 11. Ba4 Bg4 12. Nd4 O-O-O 13. Nxc6 bxc6 14.
Nc3 Nxe5 15. Be3 a6 16. Ne4 e6 17. Rac1 Be2 18. Rfe1 Bb5 19. Bxb5 axb5 20. Bg5
Rd7 21. Red1 h6 22. Bh4 Rxd1+ 23. Rxd1 Ng6 24. Bg3 Be7 25. Nd6+ Bxd6 26. Rxd6
Ne7 27. Be5 Rg8 28. Kf1 Rd8 29. Rxd8+ Kxd8 30. Bxg7 Nf5 31. Bf6+ Kd7 32. g4 Ne7
33. Ke2 Ng8 34. Be5 f6 35. Bf4 e5 36. Be3 Ke6 37. f4 f5 38. gxf5+ Kxf5 39. fxe5
Kxe5 40. Kd3 h5 41. b3 Ne7 42. a4 Nd5 43. a5 Nxe3 44. Kxe3 Kd6 45. b4 1/2-1/2

[Event "Russian Championship B11 2016"]
[Site "Loo"]
[Date "2016.04.25"]
[Round "6.13"]
[White "Smirnov, Yaroslav"]
[Black "Chugunov, Vadim"]
[Result "0-1"]
[WhiteElo "1440"]
[BlackElo "1710"]
[PlyCount "66"]
[EventDate "2016.04.20"]

1. b3 e5 2. Bb2 Nc6 3. d3 Nf6 4. g3 d5 5. Bg2 Bb4+ 6. Nd2 O-O 7. a3 Bd6 8. Ngf3
Re8 9. e4 dxe4 10. dxe4 a6 11. O-O b5 12. a4 b4 13. Nc4 Bg4 14. Re1 Bxf3 15.
Bxf3 Bc5 16. Qxd8 Raxd8 17. Rad1 Bd4 18. Bxd4 Nxd4 19. Bg2 Nxc2 20. Rxd8 Rxd8
21. Rc1 Nd4 22. Nxe5 Ne2+ 23. Kh1 Nxc1 24. Bf1 Nxe4 25. Nc6 Rd1 26. Kg2 Rd2 27.
Bc4 Rxf2+ 28. Kh3 Nd2 29. Bxa6 Nf3 30. Nxb4 Rxh2+ 31. Kg4 Ne5+ 32. Kf4 Ng6+ 33.
Kf5 Nxb3 {далее запись неразбор~~ива} 0-1

[Event "Russian Championship B11 2016"]
[Site "Loo"]
[Date "2016.04.25"]
[Round "6.15"]
[White "Sagdiev, Daniel"]
[Black "Tyurin, Artem"]
[Result "0-1"]
[WhiteElo "1599"]
[BlackElo "1532"]
[PlyCount "132"]
[EventDate "2016.04.20"]

1. e4 c5 2. Nf3 d6 3. d4 cxd4 4. Nxd4 Nf6 5. Nc3 a6 6. Be3 e5 7. Nb3 Be6 8. Qd2
Be7 9. f3 Nbd7 10. O-O-O O-O 11. g4 b5 12. h4 Nb6 13. h5 Nc4 14. Bxc4 Bxc4 15.
g5 Ne8 16. g6 h6 17. gxf7+ Rxf7 18. Rhg1 Kh7 19. Qg2 Bg5 20. Bxg5 Qxg5+ 21.
Qxg5 hxg5 22. Nd2 Kh6 23. Rde1 Be6 24. Ref1 Kxh5 25. Ne2 d5 26. Rf2 Nf6 27.
Rfg2 Nh7 28. Nc3 d4 29. Ne2 Rc8 30. Kb1 Rfc7 31. f4 Bh3 32. Rh2 g4 33. fxe5 Ng5
34. Nxd4 Rd7 35. Nf5 g6 36. Nd6 Rf8 37. a3 Kh4 38. Rd1 g3 39. Rhh1 g2 40. Rhg1
Nf3 41. Nxf3+ Rxf3 42. e6 Rxd6 43. Rxd6 Rf1+ 44. Rd1 Rxg1 45. Rxg1 Kg3 46. Rd1
Bxe6 47. c3 Kh2 48. Kc2 g1=Q 49. Rxg1 Kxg1 50. b3 g5 51. c4 bxc4 52. bxc4 Bxc4
53. Kc3 Bg8 54. Kd4 g4 55. e5 g3 56. e6 Bxe6 57. a4 g2 58. a5 Kf1 59. Ke5 Ba2
60. Kd6 g1=Q 61. Ke5 Qg4 62. Kd6 Qf5 63. Kc6 Qe5 64. Kb6 Qd6+ 65. Ka7 Qc7+ 66.
Kxa6 Bc4# 0-1

[Event "Russian Championship B11 2016"]
[Site "Loo"]
[Date "2016.04.25"]
[Round "6.16"]
[White "Kirushin, Ivan"]
[Black "Nikolaev, Matvei"]
[Result "0-1"]
[WhiteElo "1592"]
[BlackElo "1569"]
[PlyCount "88"]
[EventDate "2016.04.20"]

1. e4 e5 2. Bc4 Nf6 3. d4 exd4 4. Nf3 Nc6 5. Nxd4 Nxe4 6. Nxc6 bxc6 7. O-O Be7
8. Re1 d5 9. Bd3 Nc5 10. Bg5 Ne6 11. Bxe7 Qxe7 12. f4 Qc5+ 13. Kh1 O-O 14. Qh5
g6 15. Qh6 Ng7 16. Nd2 Bf5 17. Nf3 f6 18. Nh4 Bxd3 19. cxd3 d4 20. Rac1 Qd6 21.
Rc4 Rab8 22. b3 Rb5 23. g4 Qd7 24. h3 f5 25. g5 Nh5 26. Ng2 Re8 27. Rxe8+ Qxe8
28. Rxd4 Rd5 29. Ra4 a5 30. b4 Qe2 31. Rxa5 Rxa5 32. bxa5 Qxa2 33. Nh4 Qb1+ 34.
Kg2 Qc2+ 35. Kf3 Qxd3+ 36. Kf2 Qd2+ 37. Kf3 Qxf4+ 38. Ke2 Qxh4 39. a6 Qc4+ 40.
Kd2 Qxa6 41. h4 Qa2+ 42. Kc3 c5 43. Qxh7+ Kxh7 44. Kd3 Nf4+ 0-1

[Event "Russian Championship B11 2016"]
[Site "Loo"]
[Date "2016.04.25"]
[Round "6.17"]
[White "Toropov, Lev"]
[Black "Ogloblin, Ilya"]
[Result "1-0"]
[WhiteElo "1466"]
[BlackElo "1670"]
[PlyCount "87"]
[EventDate "2016.04.20"]

1. e4 c5 2. Nf3 d6 3. d4 cxd4 4. Nxd4 Nf6 5. f3 e5 6. Bb5+ Bd7 7. Bxd7+ Qxd7 8.
Nf5 h6 9. Nc3 Qe6 10. Ne3 a6 11. Ned5 Nxd5 12. Nxd5 Kd8 13. Be3 Nd7 14. Qd2 Rb8
15. Qa5+ b6 16. Qxa6 Nc5 17. Qa7 Qc8 18. Nxb6 Qc7 19. Qxc7+ Kxc7 20. Bxc5 dxc5
21. Nd5+ Kc6 22. O-O-O Bd6 23. Rd3 Rhd8 24. Rhd1 Ra8 25. a3 Ra4 26. Ne7+ Kc7
27. Nf5 Ra6 28. Rxd6 Raxd6 29. Rxd6 Rxd6 30. Nxd6 Kxd6 31. Kd2 Kc6 32. Kc3 Kb5
33. a4+ Kxa4 34. Kc4 Ka5 35. Kxc5 g6 36. b4+ Ka6 37. Kc6 f5 38. b5+ Ka7 39. Kc7
fxe4 40. fxe4 Ka8 41. b6 g5 42. b7+ Ka7 43. b8=Q+ Ka6 44. Qb6# 1-0

[Event "Russian Championship B11 2016"]
[Site "Loo"]
[Date "2016.04.25"]
[Round "6.18"]
[White "Chalov, Egor"]
[Black "Mamochev, Aleksei"]
[Result "1/2-1/2"]
[WhiteElo "1522"]
[BlackElo "1598"]
[PlyCount "149"]
[EventDate "2016.04.20"]

1. e4 c6 2. Nc3 d5 3. Nf3 dxe4 4. Nxe4 h6 5. Bc4 Bf5 6. Ng3 Bh7 7. d4 Nf6 8.
O-O e6 9. c3 Be7 10. Qb3 Qb6 11. Bf4 O-O 12. Bxe6 Qxb3 13. Bxb3 Nd5 14. Bxd5
cxd5 15. Rfe1 Nc6 16. Ne5 Nxe5 17. Bxe5 Bg5 18. Bd6 Rfe8 19. Nf1 Rad8 20. f4
Bf6 21. Kf2 Be4 22. Ba3 g5 23. fxg5 Bxg5 24. g3 h5 25. Re2 Re6 26. Nd2 Bf5 27.
Rxe6 fxe6 28. Nf3 Bh6 29. Be7 Re8 30. Bg5 Bg7 31. Re1 Rf8 32. Bf4 Bg6 33. Ke3
b5 34. Kd2 Rc8 35. Rc1 Kf8 36. a4 bxa4 37. Ra1 Rc4 38. Bd6+ Kg8 39. Be5 Be4 40.
Bxg7 Bxf3 41. Be5 Be4 42. Ke3 Kf7 43. Kf4 Kg6 44. h4 Bf5 45. Bd6 a5 46. Bc5 Kf6
47. Re1 a3 48. Bxa3 Rc8 49. Bc5 a4 50. Ra1 Bc2 51. Rc1 Be4 52. Rf1 Rg8 53. Ke3+
Bf5 54. Rg1 Rg4 55. Bd6 Re4+ 56. Kd2 Rg4 57. Ke3 Rg8 58. Kd2 Kf7 59. Ra1 Ra8
60. b3 axb3 61. Rxa8 b2 62. Rb8 b1=Q 63. Rxb1 Bxb1 64. Ke3 Kg6 65. Kf4 Bf5 66.
Bc7 Kf7 67. Bb6 Ke7 68. Kg5 Bg4 69. Kf4 Kd7 70. Ba5 Kc6 71. Bb4 Kb5 72. Ke3 Kc4
73. Kd2 Bf5 74. Bd6 Kb3 75. Be5 1/2-1/2

[Event "Russian Championship B11 2016"]
[Site "Loo"]
[Date "2016.04.25"]
[Round "6.19"]
[White "Gagarinov, Andrey"]
[Black "Fedoseev, Ilya"]
[Result "1-0"]
[WhiteElo "1562"]
[BlackElo "1437"]
[PlyCount "89"]
[EventDate "2016.04.20"]

1. e4 e6 2. d4 d5 3. exd5 exd5 4. Bd3 c5 5. Bb5+ Bd7 6. Bxd7+ Nxd7 7. dxc5 Nxc5
8. Ne2 Ne6 9. Be3 Nf6 10. Bd4 Nxd4 11. Qxd4 Bd6 12. Nbc3 Bc7 13. O-O-O Bb6 14.
Qa4+ Qd7 15. Qxd7+ Nxd7 16. Nxd5 O-O-O 17. Nxb6+ Nxb6 18. Rxd8+ Rxd8 19. Rd1
Re8 20. Nc3 Re5 21. b3 Rh5 22. h3 Rg5 23. g4 Rc5 24. Ne4 Ra5 25. Nd6+ Kb8 26.
Kb2 f6 27. Ne8 a6 28. Nxg7 Rg5 29. Ne6 Re5 30. Nf8 h5 31. Rd6 Ka7 32. Rxb6 hxg4
33. hxg4 Rg5 34. Rxf6 Rxg4 35. f4 Rg8 36. f5 Rh8 37. Ng6 Rg8 38. Rf8 Rg7 39.
Ne5 Re7 40. Nd3 Rd7 41. f6 Rc7 42. f7 Rd7 43. Ne5 Rc7 44. Re8 Rxf7 45. Nxf7 1-0

[Event "Russian Championship B11 2016"]
[Site "Loo"]
[Date "2016.04.25"]
[Round "6.25"]
[White "Grunin, Denis"]
[Black "Kagan, Mikhail"]
[Result "1-0"]
[WhiteElo "1605"]
[BlackElo "1429"]
[PlyCount "45"]
[EventDate "2016.04.20"]

1. d4 d5 2. c4 e6 3. Nc3 Nf6 4. Bg5 Nbd7 5. e3 c6 6. cxd5 exd5 7. Nf3 Qa5 8.
Bd3 Ne4 9. Qc2 Nxc3 10. bxc3 Bd6 11. O-O h6 12. Bh4 O-O 13. c4 dxc4 14. Bxc4
Nb6 15. Bb3 Bg4 16. Qg6 Bxf3 17. Bf6 Bxh2+ 18. Kh1 Qg5 19. Bxg5 hxg5 20. Kxh2
Kh8 21. Kg3 Kg8 22. Rh1 Rfe8 23. Qxf7# 1-0

[Event "Russian Championship B13 1st league 2016"]
[Site "Loo"]
[Date "2016.04.25"]
[Round "6.1"]
[White "Zhukov, Maksim"]
[Black "Galiev, Irek"]
[Result "0-1"]
[WhiteElo "1861"]
[BlackElo "1859"]
[PlyCount "68"]
[EventDate "2016.04.20"]

1. d4 Nf6 2. c4 g6 3. Nc3 d5 4. cxd5 Nxd5 5. e4 Nxc3 6. bxc3 Bg7 7. Bc4 c5 8.
Ne2 O-O 9. O-O Nc6 10. Be3 Bg4 11. f3 Na5 12. Bd3 cxd4 13. cxd4 Be6 14. d5 Bxa1
15. Qxa1 f6 16. Bh6 Re8 17. Kh1 a6 18. Nf4 Bf7 19. Rd1 Qd6 20. Qc3 b6 21. Re1
Rac8 22. Qb2 Nc4 23. Qb3 b5 24. Ne2 e6 25. Bf4 Qb6 26. Bxc4 Rxc4 27. Be3 Qa5
28. Rd1 exd5 29. exd5 Bxd5 30. Rxd5 Qe1+ 31. Bg1 Qxe2 32. Rd6 Qc2 33. Qxc2 Rxc2
34. Rxa6 Re1 0-1

[Event "Russian Championship B13 1st league 2016"]
[Site "Loo"]
[Date "2016.04.25"]
[Round "6.2"]
[White "Trofimov, Ivan"]
[Black "Volovich, Vasily"]
[Result "0-1"]
[WhiteElo "1597"]
[BlackElo "1875"]
[PlyCount "82"]
[EventDate "2016.04.20"]

1. e4 e5 2. Nf3 Nc6 3. d4 exd4 4. Bc4 Nf6 5. e5 d5 6. Bb5 Ne4 7. Nxd4 Bd7 8.
Bxc6 bxc6 9. O-O Bc5 10. Be3 O-O 11. f3 Ng5 12. f4 Ne4 13. Nd2 Nxd2 14. Qxd2 f6
15. exf6 Qxf6 16. Rf2 Rae8 17. c3 Re4 18. Rf3 Rfe8 19. Raf1 Qe7 20. Bf2 Bd6 21.
h3 Kh8 22. Nc2 Qf7 23. Be3 c5 24. b3 Bc6 25. Rg3 a5 26. Rg4 Rd8 27. Rg3 Qf6 28.
b4 axb4 29. cxb4 d4 30. Bf2 Bxf4 31. Bxd4 cxd4 32. Qd3 Qe5 33. Rgf3 Bb5 34.
Qxe4 Qxe4 35. Rxf4 Qe7 36. R1f2 h6 37. Kh2 d3 38. Rf7 Qe5+ 39. g3 d2 40. Rf8+
Rxf8 41. Rxf8+ Kh7 0-1

[Event "Russian Championship B13 1st league 2016"]
[Site "Loo"]
[Date "2016.04.25"]
[Round "6.3"]
[White "Dudin, Gleb"]
[Black "Yastrebov, Nikita"]
[Result "1-0"]
[WhiteElo "1857"]
[BlackElo "1725"]
[PlyCount "63"]
[EventDate "2016.04.20"]

1. d4 Nf6 2. Nf3 g6 3. Bg5 Bg7 4. c3 O-O 5. Nbd2 d6 6. e4 c5 7. dxc5 dxc5 8.
Be2 Qc7 9. O-O Nc6 10. Qc2 Be6 11. Rac1 a6 12. a4 Rac8 13. Rfd1 Rfd8 14. h3 Rd7
15. Be3 Na5 16. Ng5 Qb6 17. b4 Nc6 18. Bxc5 Qc7 19. Nxe6 fxe6 20. Qa2 Nd8 21.
a5 Qe5 22. Nc4 Qxe4 23. Bf3 Qf4 24. Nb6 Rxd1+ 25. Rxd1 Rb8 26. Bxe7 Nf7 27.
Bxf6 Qxf6 28. Nd7 Qf4 29. Nxb8 Qxb8 30. Qxe6 Qf8 31. Rd7 Bxc3 32. Bd5 1-0

[Event "Russian Championship B13 1st league 2016"]
[Site "Loo"]
[Date "2016.04.25"]
[Round "6.4"]
[White "Mutovin, Egor"]
[Black "Smirnov, Dmitrii"]
[Result "1/2-1/2"]
[WhiteElo "1801"]
[BlackElo "1735"]
[PlyCount "100"]
[EventDate "2016.04.20"]

1. d4 d5 2. Nf3 Nf6 3. c4 e6 4. Nc3 Nbd7 5. Bg5 h6 6. Bh4 dxc4 7. e3 Bb4 8.
Bxc4 O-O 9. O-O Nb6 10. Bb3 c5 11. a3 cxd4 12. axb4 dxc3 13. bxc3 Qxd1 14.
Rfxd1 Nbd5 15. Rac1 b6 16. Bg3 Bb7 17. c4 Ne7 18. Bd6 Rfe8 19. Ne5 Nc6 20. Nxc6
Bxc6 21. f3 e5 22. e4 a5 23. b5 Bd7 24. Bc7 Be6 25. Bxb6 Nd7 26. Be3 Rec8 27.
Ba2 Rab8 28. Rd6 Nc5 29. Rcd1 Kh7 30. R1d2 a4 31. Rc2 Nb3 32. Rxe6 fxe6 33.
Bxb3 axb3 34. Rb2 Rxc4 35. Rxb3 Kg6 36. b6 Rc6 37. Kf2 Kf6 38. Kg3 Rb7 39. Kh3
Rb8 40. g4 g5 41. Kg3 Rb7 42. h4 Kg6 43. h5+ Kf6 44. Ra3 Kg7 45. Ra8 Kf7 46.
Kf2 Rbxb6 47. Bxb6 Rxb6 48. Ra7+ Kf6 49. Rh7 Rb2+ 50. Kg3 Rg2+ 1/2-1/2

[Event "Russian Championship B13 1st league 2016"]
[Site "Loo"]
[Date "2016.04.25"]
[Round "6.5"]
[White "Ril, Evgeny"]
[Black "Zakirov, Artur"]
[Result "1/2-1/2"]
[WhiteElo "1797"]
[BlackElo "1725"]
[PlyCount "62"]
[EventDate "2016.04.20"]

1. e4 e5 2. Bc4 Nf6 3. d3 c6 4. Nc3 d5 5. Bb3 Bb4 6. exd5 cxd5 7. Bd2 d4 8.
Nce2 Bxd2+ 9. Qxd2 O-O 10. Nf3 Nc6 11. O-O Bg4 12. Ng3 Bxf3 13. gxf3 Nd5 14.
Ne2 Nce7 15. f4 Ng6 16. fxe5 Nxe5 17. f4 Nc6 18. Rf3 Re8 19. Rg3 Ne3 20. Kh1
Nf5 21. Rg5 Nce7 22. Rag1 h6 23. R5g4 Nd5 24. Nxd4 Nxd4 25. Rxg7+ Kh8 26. Rxf7
Nxb3 27. Rgg7 Nxd2 28. Rh7+ Kg8 29. Rhg7+ Kh8 30. Rh7+ Kg8 31. Rhg7+ Kh8
1/2-1/2

[Event "Russian Championship B13 1st league 2016"]
[Site "Loo"]
[Date "2016.04.25"]
[Round "6.6"]
[White "Koptev, Ruslan"]
[Black "Erastov, Semen"]
[Result "0-1"]
[WhiteElo "1691"]
[BlackElo "1775"]
[PlyCount "122"]
[EventDate "2016.04.20"]

1. e4 e6 2. d4 d5 3. e5 c5 4. c3 Nc6 5. Nf3 Qb6 6. a3 Nh6 7. Bd3 Bd7 8. Bc2
cxd4 9. cxd4 Nf5 10. Bxf5 exf5 11. Nc3 Be6 12. b4 Rc8 13. Na4 Qb5 14. Nc5 b6
15. Nxe6 fxe6 16. Qe2 Qa4 17. Rb1 Be7 18. Qd1 Qxd1+ 19. Kxd1 Kd7 20. h4 Rc7 21.
Bg5 Rhc8 22. Kd2 h6 23. Be3 Nd8 24. Rbc1 Rc4 25. Kd3 Nf7 26. h5 a5 27. Rxc4
Rxc4 28. bxa5 bxa5 29. Rc1 Ra4 30. Ra1 Rxa3+ 31. Rxa3 Bxa3 32. Bd2 a4 33. Ne1
Kc6 34. Nc2 Be7 35. Kc3 Kb5 36. Kb2 Nd8 37. Na3+ Bxa3+ 38. Kxa3 Nc6 39. Bc3 Kc4
40. Bb2 Nxd4 41. Kxa4 Nc6 42. f4 d4 43. g3 d3 44. Bc1 Nd4 45. Bd2 Nf3 46. Be3
d2 47. Bxd2 Nxd2 48. Ka5 Kd5 49. Kb6 Ne4 50. Kc7 Nxg3 51. Kd7 Nxh5 52. Ke7 Nxf4
53. Kf7 g5 54. Kg7 h5 55. Kf6 g4 56. Kg5 Kxe5 57. Kh4 Kf6 58. Kg3 Kg5 59. Kh2
h4 60. Kh1 Ng6 61. Kg2 f4 0-1

[Event "Russian Championship B13 1st league 2016"]
[Site "Loo"]
[Date "2016.04.25"]
[Round "6.8"]
[White "Arbuzov, Timofey"]
[Black "Shalimo, Eugene"]
[Result "1-0"]
[WhiteElo "1739"]
[BlackElo "1445"]
[PlyCount "89"]
[EventDate "2016.04.20"]

1. d4 Nf6 2. Nc3 d5 3. Bg5 Ne4 4. Nxe4 dxe4 5. e3 c6 6. c3 g6 7. Ne2 Bg7 8. Qc2
f5 9. Bf4 Nd7 10. O-O-O e6 11. c4 Qa5 12. Kb1 e5 13. dxe5 Nxe5 14. Nd4 Bd7 15.
Nb3 Qb6 16. Qc3 Qc7 17. Nc5 O-O-O 18. Rxd7 Rxd7 19. Ne6 Nd3 20. Nxc7 Bxc3 21.
Bxd3 Ba5 22. Bc2 Bxc7 23. Bxc7 Kxc7 24. Kc1 Rhd8 25. Rd1 Rxd1+ 26. Bxd1 Kb6 27.
Be2 Kc5 28. Kc2 a6 29. Kc3 b6 30. b4+ Kd6 31. c5+ bxc5 32. Bxa6 cxb4+ 33. Kxb4
c5+ 34. Kc3 Kc6 35. a4 Kb6 36. Be2 Ka5 37. Bb5 Rd1 38. f3 exf3 39. gxf3 Rh1 40.
e4 Rxh2 41. e5 Re2 42. Bxe2 h5 43. e6 h4 44. Bf1 g5 45. e7 1-0

[Event "Russian Championship B13 1st league 2016"]
[Site "Loo"]
[Date "2016.04.25"]
[Round "6.9"]
[White "Garifzyanov, Niyaz"]
[Black "Kundianok, Vladislav"]
[Result "1-0"]
[WhiteElo "1682"]
[BlackElo "1767"]
[PlyCount "67"]
[EventDate "2016.04.20"]

1. d4 Nf6 2. c4 g6 3. Nc3 d5 4. cxd5 Nxd5 5. Bd2 Bg7 6. e4 Nb6 7. Be3 O-O 8.
Bb5 Bd7 9. Be2 Re8 10. f4 c6 11. Nf3 Be6 12. Bf2 Qd6 13. g3 Qb4 14. Qc2 Rd8 15.
h4 Bc4 16. h5 Bxe2 17. Kxe2 Qc4+ 18. Ke1 Na6 19. hxg6 hxg6 20. a3 Qe6 21. Rd1
Rac8 22. Ng5 Qd7 23. Rh4 Bf6 24. Be3 Bxg5 25. fxg5 Kg7 26. Qh2 Rh8 27. d5 c5
28. Bf4 f6 29. e5 Rce8 30. Kf2 Qf5 31. Rh1 Qc2+ 32. Ne2 Rhg8 33. Rh7+ Kf8 34.
Qh6+ 1-0

[Event "Russian Championship B13 1st league 2016"]
[Site "Loo"]
[Date "2016.04.25"]
[Round "6.10"]
[White "Boktaev, Adyan"]
[Black "Bobkov, Vadim"]
[Result "0-1"]
[WhiteElo "1657"]
[BlackElo "1839"]
[PlyCount "68"]
[EventDate "2016.04.20"]

1. e4 c5 2. Nf3 Nc6 3. d4 cxd4 4. Nxd4 g6 5. Nc3 Bg7 6. Be3 Nf6 7. Be2 O-O 8.
Qd2 d5 9. exd5 Nxd5 10. Nxd5 Nxd4 11. Bc4 Nf5 12. Bg5 h6 13. Bf4 e5 14. Bg3 Be6
15. O-O b5 16. Bb3 Nd4 17. Rad1 Bxd5 18. Bxd5 Qxd5 19. c3 Qxa2 20. cxd4 exd4
21. Bd6 Rfd8 22. Bc5 d3 23. Ba3 a5 24. Ra1 Qb3 25. Be7 Rd7 26. Ba3 Qc2 27. Qe3
d2 28. Qf3 Rc8 29. Qg4 Rd4 30. Qf3 b4 31. Bxb4 axb4 32. Ra7 Qf5 33. Ra8 Rxa8
34. Qxa8+ Kh7 0-1

[Event "Russian Championship B13 1st league 2016"]
[Site "Loo"]
[Date "2016.04.25"]
[Round "6.11"]
[White "Zemskov, Roman"]
[Black "Ogorodnikov, Nikolai"]
[Result "1-0"]
[WhiteElo "1824"]
[BlackElo "1633"]
[PlyCount "75"]
[EventDate "2016.04.20"]

1. Nf3 d5 2. d3 Nf6 3. Nbd2 e6 4. e4 Be7 5. g3 O-O 6. Bg2 b6 7. O-O Bb7 8. exd5
exd5 9. d4 c5 10. c3 a6 11. Ne5 b5 12. dxc5 Bxc5 13. Nb3 Bd6 14. Ng4 Be7 15.
Nxf6+ Bxf6 16. Qd3 Re8 17. Rd1 h6 18. Bf4 Qb6 19. Be3 Qc7 20. Bxd5 Nc6 21. Bg2
Ne5 22. Qf1 Nf3+ 23. Kh1 h5 24. Bf4 Qc8 25. Rd3 Ne5 26. Bxe5 Rxe5 27. Rad1
Bxg2+ 28. Qxg2 Qe8 29. h4 Rc8 30. Qf3 Rc4 31. Kg2 Re1 32. Rxe1 Qxe1 33. Re3
Qxe3 34. Qxe3 g6 35. Qb6 Kg7 36. Qxa6 Ra4 37. Qxb5 Rxa2 38. Nd4 1-0

[Event "Russian Championship B13 1st league 2016"]
[Site "Loo"]
[Date "2016.04.25"]
[Round "6.12"]
[White "Stepochkin, Fedor"]
[Black "Kamaev, Dzhabrail"]
[Result "0-1"]
[WhiteElo "1649"]
[BlackElo "1823"]
[PlyCount "116"]
[EventDate "2016.04.20"]

1. e4 e5 2. Nf3 Nc6 3. d4 exd4 4. Nxd4 Bc5 5. Nxc6 Qf6 6. Qf3 dxc6 7. Nc3 Be6
8. Bd3 O-O-O 9. Be3 Bb4 10. Bd2 Qxf3 11. gxf3 Ne7 12. a3 Bc5 13. Be3 Bd4 14.
O-O-O c5 15. Bxd4 cxd4 16. Ne2 f6 17. Nf4 Bf7 18. Bf1 Ng6 19. Bh3+ Kb8 20. Ne2
c5 21. b4 b6 22. Rhg1 Bc4 23. Ng3 Nf4 24. Bf1 Bxf1 25. Rgxf1 g6 26. bxc5 bxc5
27. Rfe1 Rhe8 28. Ne2 Nxe2+ 29. Rxe2 Re6 30. Red2 Red6 31. f4 Kc7 32. Rd3 c4
33. Rh3 R8d7 34. Rh4 c3 35. Rd3 Ra6 36. Rdh3 Rxa3 37. Kd1 Ra1+ 38. Ke2 Rc1 39.
Kd3 Rd1+ 40. Kc4 h5 41. Rg3 Rd2 42. Kb3 a5 43. Rxg6 a4+ 44. Kxa4 Rxc2 45. Rxh5
d3 46. Rc5+ Kb8 47. Rxf6 Rb2 48. Rf8+ Kb7 49. Rxc3 d2 50. Ka3 Rb1 51. Rcc8 d1=Q
52. Rb8+ Kc7 53. Rfc8+ Kd6 54. e5+ Kd5 55. Rd8 Qd3+ 56. Ka2 Qc2+ 57. Ka3 Ra1+
58. Kb4 Qc4# 0-1

[Event "Russian Championship B13 1st league 2016"]
[Site "Loo"]
[Date "2016.04.25"]
[Round "6.13"]
[White "Kryukov, Alexey"]
[Black "Kitaev, Roman"]
[Result "1/2-1/2"]
[WhiteElo "1617"]
[BlackElo "1744"]
[PlyCount "81"]
[EventDate "2016.04.20"]

1. e4 c5 2. Nf3 e6 3. d4 cxd4 4. Nxd4 Nc6 5. Nc3 a6 6. Be2 Qc7 7. O-O Nf6 8.
Be3 b5 9. a3 Bb7 10. Nxc6 Bxc6 11. Bf3 Be7 12. Qe2 O-O 13. Bd4 Qb7 14. Qe3 d6
15. Qd3 Rfd8 16. Rfe1 Rac8 17. Rad1 Nd7 18. Be2 Nb6 19. Qg3 e5 20. Bxb6 Qxb6
21. Qd3 Bb7 22. Bg4 Rc7 23. Re2 b4 24. Nd5 Bxd5 25. Qxd5 bxa3 26. bxa3 Rb8 27.
g3 Qc5 28. Rd3 Qxd5 29. Rxd5 Rb5 30. Rxb5 axb5 31. Kf1 Rc3 32. Bd7 Rxa3 33.
Bxb5 Ra1+ 34. Re1 Rxe1+ 35. Kxe1 g5 36. Kd2 Kg7 37. Ke3 h6 38. f4 exf4+ 39.
gxf4 Bf6 40. Kf3 gxf4 41. h3 1/2-1/2

[Event "Russian Championship B13 1st league 2016"]
[Site "Loo"]
[Date "2016.04.25"]
[Round "6.14"]
[White "Khanzhin, Timur"]
[Black "Lvov, Nikita"]
[Result "0-1"]
[WhiteElo "1582"]
[BlackElo "1731"]
[PlyCount "68"]
[EventDate "2016.04.20"]

1. Nf3 c5 2. c4 Nc6 3. d4 cxd4 4. Nxd4 Nf6 5. Nc3 g6 6. g3 Bg7 7. Bg2 O-O 8.
O-O Qb6 9. Nc2 Ne5 10. b3 d6 11. Rb1 Bf5 12. h3 h5 13. e4 Bd7 14. Be3 Qa5 15.
Bd2 Qc7 16. f4 Nd3 17. Qe2 Nc5 18. Nd5 Nxd5 19. exd5 Bf5 20. Qd1 Ne4 21. Kh2
Nxd2 22. Qxd2 b5 23. Rbe1 bxc4 24. bxc4 Qxc4 25. Ne3 Qd3 26. Qf2 Bd7 27. Nd1
Bd4 28. Qe2 Qxe2 29. Rxe2 Bb5 30. Rxe7 Bxf1 31. Bxf1 Rfc8 32. a3 Rc1 33. Be2
Rac8 34. Re4 R8c2 0-1

[Event "Russian Championship B13 1st league 2016"]
[Site "Loo"]
[Date "2016.04.25"]
[Round "6.15"]
[White "Ismailov, Amir"]
[Black "Kazakov, Gleb"]
[Result "1-0"]
[WhiteElo "1714"]
[BlackElo "1447"]
[PlyCount "119"]
[EventDate "2016.04.20"]

1. d4 d5 2. c4 e6 3. Nc3 Be7 4. Nf3 Nf6 5. Bg5 b6 6. Qc2 Bb7 7. e3 Nbd7 8. Rc1
c5 9. cxd5 Nxd5 10. Nxd5 Bxd5 11. Bxe7 Qxe7 12. e4 Bb7 13. Bb5 O-O 14. O-O Rfc8
15. Bxd7 Qxd7 16. dxc5 Rxc5 17. Qe2 Rac8 18. Rxc5 Rxc5 19. Rd1 Qc8 20. b4 Rc1
21. e5 Rxd1+ 22. Qxd1 Bd5 23. h3 Bxa2 24. Qa4 Bd5 25. Qxa7 Qb7 26. Qxb7 Bxb7
27. Nd4 Kf8 28. f4 Ke7 29. Kf2 f6 30. g3 Bd5 31. Ke3 Kf7 32. Nb5 Ke7 33. Nd4
Kf7 34. Nb5 Ke7 35. Kd4 Kd7 36. Nd6 f5 37. Nxf5 Bg2 38. Nxg7 Bxh3 39. Nh5 Bf5
40. g4 Bc2 41. Kc4 Kc6 42. Ng7 Bd1 43. Nxe6 Bxg4 44. b5+ Kb7 45. Ng7 h5 46. e6
h4 47. e7 Bd7 48. e8=Q Bxe8 49. Nxe8 h3 50. Nd6+ Kc7 51. Ne4 h2 52. Ng3 Kd6 53.
Kd4 Ke6 54. Ke4 Kd6 55. f5 Kc5 56. Ke5 Kxb5 57. f6 Kc4 58. f7 b5 59. f8=Q b4
60. Qc8+ 1-0

[Event "Russian Championship B13 1st league 2016"]
[Site "Loo"]
[Date "2016.04.25"]
[Round "6.16"]
[White "Novikov, Roman"]
[Black "Peregudov, Denis"]
[Result "0-1"]
[WhiteElo "1711"]
[BlackElo "1517"]
[PlyCount "116"]
[EventDate "2016.04.20"]

1. d4 e6 2. c4 Bb4+ 3. Nc3 f5 4. Nf3 Nf6 5. e3 O-O 6. Be2 Qe8 7. O-O Bxc3 8.
bxc3 d6 9. Ba3 Nbd7 10. Qc2 Ne4 11. Nd2 Nxd2 12. Qxd2 Rf6 13. Rab1 e5 14. f4
exf4 15. exf4 Re6 16. Bf3 Nb6 17. Bd5 Nxd5 18. cxd5 Re2 19. Rbe1 Rxd2 20. Rxe8+
Kf7 21. Rfe1 Rxa2 22. R1e7+ Kg6 23. Rxc7 Rxa3 24. Rexc8 Rxc8 25. Rxc8 Kf6 26.
Kf2 b5 27. Rc6 Ke7 28. Rc7+ Kf8 29. c4 bxc4 30. Rxc4 Ra5 31. Rc8+ Kf7 32. Rc7+
Kf6 33. Ke3 Rxd5 34. Rxa7 Rb5 35. Rd7 d5 36. Kd3 Rb2 37. Rd6+ Ke7 38. Rxd5 Kf6
39. g3 Rxh2 40. Ke3 Rb2 41. Re5 Rb6 42. d5 g5 43. Re6+ Rxe6+ 44. dxe6 h6 45. g4
fxg4 46. f5 h5 47. Kf2 h4 48. Kg2 g3 49. Kh3 g4+ 50. Kg2 Ke7 51. Kg1 h3 52. Kh1
g2+ 53. Kg1 Kf6 54. Kh2 g3+ 55. Kg1 Ke7 56. f6+ Kxf6 57. e7 h2+ 58. Kxg2 Kxe7
0-1